[Event "WYCC 2018 O16"]
[Site "Halkidiki"]
[Date "2018.10.30"]
[Round "11"]
[White "Zarubitski, Viachaslau"]
[Black "Petriashvili, Nikoloz"]
[Result "0-1"]
[WhiteElo "2417"]
[BlackElo "2343"]
[Annotator "TA"]
[PlyCount "192"]
[EventDate "2018.10.20"]
[EventType "swiss"]
[EventCountry "GRE"]
[SourceTitle "playchess.com"]
[Source "ChessBase"]
[SourceQuality "1"]

{[%evp 18,192,8,0,7,16,19,8,7,2,0,0,0,0,12,-7,0,-58,-56,-52,-52,-59,-60,-62,-54,-63,-56,-76,-70,-130,-128,-161,-156,-233,-214,-238,-245,-217,-131,-103,-41,-116,-123,-191,-191,-176,-164,-320,-308,-305,-294,-267,-244,-208,-80,-80,-35,-242,-226,-175,-197,-190,-170,-139,-79,-79,-79,-79,-79,-79,-79,-79,-79,-79,-79,-79,0,0,0,-79,0,0,0,-79,-79,-79,-79,-79,-55,-40,0,-79,-79,-79,-79,-79,-79,-79,-79,-79,-79,-79,-44,-45,0,-47,0,0,0,-79,-79,-79,-55,-55,-55,-79,-79,-79,-79,-79,0,0,0,-55,0,0,0,-55,-55,-55,0,-55,-55,-55,0,-55,-55,-55,-55,-55,-55,-55,0,0,0,0,0,0,0,0,0,0,0,0,0,0,0,-12848,0,0,0,-12848,-12848,-12849,-12849,-12850,-12850,-29963,-29964,-29964,-29966,-29967,-29968,-29968,-29969,-29968,-12851]} 1. d4 Nf6 2. Nf3 g6 3. Bf4 Bg7 4. e3 O-O 5. c3 b6 6. h3 Bb7 7. Be2 d6 8. O-O Nbd7 9. a4 a6 {A48: 1 d4 Nf6 2 Nf3 g6: Torre, London and Colle Systems} 10. Bh2 {LiveBook: 38 Games} (10. Nbd2 Qe8 11. Bh2 e5 12. b4 Qe7 13. Qb3 Kh8 14. Rfd1 Nh5 15. dxe5 dxe5 16. a5 f5 17. axb6 Nxb6 {1-0 (53) Almasi,Z (2696)-Can,E (2578) Reykjavik 2017}) 10... Ne4 11. Nfd2 e6 $146 {The position is equal.} ({Predecessor:} 11... Ndf6 12. Nxe4 Nxe4 13. f3 Nf6 14. e4 c5 15. d5 Qc7 {0-1 (32) Schmuecker,M (2179)-Michalik,F (1996) Hachen 2005}) 12. a5 b5 13. c4 {White wants to play Nxe4.} Nxd2 14. Nxd2 bxc4 15. Bxc4 Qe7 16. Qb3 Rfb8 {And now ...Bxg2! would win.} 17. Qa3 (17. Qd3 $11) 17... Qg5 $1 $15 {[%csl Gb7][%cal Rg5g2]} 18. Bg3 {[#]} Bxd4 $1 $40 {[%mdl 640] Black attacks.} 19. h4 (19. exd4 Qxd2) 19... Qh6 20. exd4 Qxd2 21. Rfd1 Qh6 22. Rac1 Nf6 23. Bb3 (23. Bd3 $15) 23... Bd5 $17 24. Ba4 Ra7 25. Rc2 (25. b4 $17) 25... Ne4 26. Bc6 Bxc6 27. Rxc6 Nxg3 28. fxg3 Rab7 (28... Qh5 $17 29. Rdc1 Qd5) 29. Qf3 (29. b4 $1 $15) 29... Rb3 (29... Rxb2 30. Rxc7 Qf8 31. Rf1 $11) 30. Rd3 (30. Rc3 $17 Rxc3 31. Qxc3) 30... Rxd3 $19 ({Don't take} 30... Rxb2 31. Rxc7 Qf8 32. Qc6 $15) 31. Qxd3 Rxb2 32. Rxc7 $2 (32. d5 {was the only chance.}) 32... Qd2 33. Qxd2 Rxd2 {[%mdl 4096] Endgame KR-KR} 34. Rc6 Rxd4 35. Rxa6 Rd2 (35... Kg7 $19 {and Black stays clearly on top.} 36. Kf2 h5) 36. g4 $17 h6 37. Rb6 $2 (37. Ra8+ $15 Kg7 38. a6) 37... d5 $1 $19 38. a6 Ra2 39. g5 hxg5 40. hxg5 d4 (40... Kf8 $142 41. Kh2 Ra3) 41. Kh2 $17 d3 42. Rd6 Kf8 {Strongly threatening ...d2.} 43. Kg3 Ke7 44. Rxd3 Rxa6 45. Rb3 Ra7 46. Kf4 Kd6 ({Better is} 46... Ra4+ $17 47. Kf3 Ra7) 47. Rd3+ $11 Kc6 48. Rc3+ {[#]} (48. Ke5 $1 $11) 48... Kd6 (48... Kd7 $1 $17 49. Rd3+ Kc6) 49. Rd3+ Ke7 (49... Kc5 $11) 50. Rb3 $1 $17 Rc7 51. g4 Rc4+ 52. Kg3 Kd6 53. Rd3+ Ke7 54. Ra3 (54. Rb3 $1 $11 {remains equal.}) 54... Rd4 55. Ra5 Rd5 56. Ra7+ Rd7 57. Ra5 Kd6 58. Ra6+ Kc5 59. Ra5+ Kb4 60. Ra1 Kc3 61. Ra3+ Kd2 62. Ra2+ Ke3 {...e5 is the strong threat.} 63. Ra3+ (63. Ra1 $11) 63... Ke4 64. Ra4+ Ke5 65. Ra5+ Rd5 66. Ra1 Rd3+ 67. Kh4 {[#]} Rd7 $1 68. Kg3 f5 (68... Rc7 $17 69. Kh4 Rb7 70. Ra5+ Kd6 71. Ra6+ Kd5 72. Ra5+ Ke4 73. Ra4+ Kf3 74. Ra3+ Kf4 75. Ra4+ Ke5) 69. gxf6 $1 $11 Kxf6 70. Ra3 (70. Rf1+ $1 $11 Kg5 71. Rf3) 70... Kg5 (70... g5 $15) 71. Re3 Rd6 72. Re5+ (72. Rf3 $11) 72... Kf6 $15 73. Re3 Rd4 ({Black should try} 73... g5 $1 $15) 74. Kh4 (74. Rf3+ $1 $11 Kg5 75. Re3) 74... Rf4 75. Ra3 Rf1 (75... g5+ $1 $15 76. Kg3 Rd4) 76. Ra8 (76. g5+ $1 $11 Ke5 77. Ra7) 76... Rh1+ 77. Kg3 Rd1 78. Ra5 Rd5 79. Ra3 Kg5 (79... g5 $1 $15) 80. Re3 $1 $11 e5 81. Kf3 Kf6 82. Ra3 Rd4 {Threatens to win with ...Rf4+.} 83. Ra5 Rf4+ 84. Kg3 Rf1 85. Kg2 Rd1 86. Kf3 Rd3+ 87. Ke4 $2 {[%mdl 8192]} (87. Kg2 $11) 87... Rd4+ $2 ({Black should play} 87... Rc3 $19 88. Ra4 Rg3 89. Ra6+ Kg5 90. Kxe5 Rxg4) 88. Kf3 Rb4 89. Ra6+ $2 {[%mdl 8192]} (89. Rc5 $11) 89... Kg5 $19 90. Re6 Rf4+ 91. Ke3 Rf6 92. Rxe5+ Kxg4 {Black mates.} 93. Ra5 g5 94. Ra1 Kh3 95. Rh1+ Kg2 96. Rh5 Re6+ {Precision: White = 50%, Black = 56%.} (96... g4 $142 97. Rg5 g3 98. Rh5 Kg1 99. Rh7 g2 100. Ke2 Rf2+ 101. Ke1 Rf4 102. Ke2 Rf2+ 103. Ke1 Rf4 104. Ke2 Rf2+) 0-1

[Event "WYCC 2018 O16"]
[Site "Halkidiki"]
[Date "2018.10.30"]
[Round "11"]
[White "Vestby-Ellingsen, Mads"]
[Black "Kotau, Arseni"]
[Result "1/2-1/2"]
[WhiteElo "2410"]
[BlackElo "2167"]
[Annotator "TA"]
[PlyCount "70"]
[EventDate "2018.10.20"]
[EventType "swiss"]
[EventCountry "GRE"]
[SourceTitle "playchess.com"]
[Source "ChessBase"]
[SourceQuality "1"]

{[%evp 26,70,61,57,75,70,79,89,112,112,110,22,19,10,10,6,22,-8,-8,-12,-10,-8,-8,-44,0,0,0,-8,-7,-10,0,0,0,0,0,-8,-10,-16,-16,-17,-19,-18,-28,-16,-52,-51,0]} 1. d4 Nf6 2. Bg5 g6 3. Bxf6 exf6 4. e3 Bg7 5. g3 f5 6. Bg2 d6 7. Ne2 Nd7 {[%cal Bb8d7,Bd7f6,Bf6e4][%mdl 32]} 8. c4 Nf6 9. Nbc3 O-O 10. O-O c6 11. b4 {[%cal Bb2b4,Bb4b5][%mdl 32]} Qe7 {A45: Trompowsky Attack} 12. Qd3 Re8 13. a4 {[%cal Ba2a4,Ba4a5,Ba5a6][%mdl 32]} Ne4 14. b5 {LiveBook: 6 Games} h5 (14... a6 15. bxc6 bxc6 16. Rab1 a5 17. Rb6 Ra6 18. Rb8 Qc7 19. Rfb1 Nf6 {1-0 (83) Kryakvin,D (2567)-Ponkratov,P (2605) Serpukhov 2018}) 15. a5 h4 16. a6 hxg3 17. hxg3 c5 $146 ({Predecessor:} 17... cxb5 18. Nxb5 bxa6 {0-1 (39) Romero Holmes,A (2440)-Forgacs,G (2345) Kecskemet 1987}) 18. Rfd1 (18. Nd5 $16 Qd8 19. b6 bxa6 20. Nc7 axb6 21. Nxa8) 18... bxa6 $11 19. bxa6 Rb8 20. Ra2 Be6 21. Nxe4 (21. Nf4 {keeps more tension.} Nxc3 22. Qxc3 Rb4 23. Nxe6 Qxe6 24. Bd5) 21... fxe4 22. Bxe4 Bxc4 23. Qxc4 Qxe4 24. Qc2 (24. Qd3 {is interesting.} Qf3 25. dxc5 dxc5 26. Qd5 Re4 27. Ra4) 24... cxd4 (24... Qf3 {feels hotter.} 25. dxc5 dxc5 26. Rc1 Rec8 27. Qd1 c4) 25. Nxd4 Bxd4 26. Qxe4 Rxe4 27. exd4 $15 {[%mdl 4096] Endgame KRR-KRR} Rb6 28. Rc1 Re7 29. Rcc2 Rb4 30. d5 Rb5 31. Rcb2 Rxb2 32. Rxb2 Re1+ 33. Kg2 {Strongly threatening Rb7.} Ra1 34. Rc2 Rxa6 35. Rc6 Ra5 {Precision: White = 61%, Black = 49%.} (35... Rb6 $15) 1/2-1/2

[Event "WYCC 2018 O16"]
[Site "Halkidiki"]
[Date "2018.10.30"]
[Round "11"]
[White "Teclaf, Pawel"]
[Black "Sargsyan, Shant"]
[Result "1/2-1/2"]
[WhiteElo "2384"]
[BlackElo "2463"]
[Annotator "TA"]
[PlyCount "73"]
[EventDate "2018.10.20"]
[EventType "swiss"]
[EventCountry "GRE"]
[SourceTitle "playchess.com"]
[Source "ChessBase"]
[SourceQuality "1"]

{[%evp 23,73,-17,-14,-19,-16,-16,-10,-23,-20,-15,-1,-15,-22,-15,0,0,0,0,3,3,4,3,4,6,0,0,0,0,0,0,0,0,0,0,0,0,0,0,0,0,0,0,0,0,0,0,0,0,0,0,0,0]} 1. Nf3 d5 2. b3 c5 3. e3 Nf6 4. Bb2 Nc6 5. Bb5 Bd7 6. O-O e6 7. d3 Be7 8. Nbd2 O-O 9. Bxc6 Bxc6 10. Ne5 Rc8 11. f4 Nd7 12. Qg4 {A03: Bird's Opening with 1...d5} Nxe5 {LiveBook: 6 Games} 13. Bxe5 {[%csl Ge5][%cal Rg4g7] [#]} g6 14. Bb2 (14. Nf3 Bd7 15. h4 f6 16. Bb2 Rf7 17. Qh3 e5 18. Qg3 exf4 19. Qxf4 Qc7 20. Qxc7 Rxc7 {½-½ (37) Sargsyan,S (2477)-Samani,Y (2226) Manavgat 2018}) 14... Qd7 $146 ({Predecessor:} 14... b6 15. Nf3 d4 16. Rae1 Bf6 17. e4 Bg7 18. Qh3 a5 19. a4 Re8 {½-½ (70) Tauber,H (2293)-Einarsson,T (2274) ICCF email 2006}) 15. Nf3 f6 16. h4 {The position is equal.} Rf7 17. h5 Rg7 18. hxg6 hxg6 19. Kf2 d4 20. Rh1 e5 21. Qxd7 Bxd7 22. fxe5 fxe5 23. Nxe5 Bf6 $1 {[%cal Rf6e5]} 24. exd4 cxd4 25. Bxd4 {Hoping for Rac1.} Rxc2+ 26. Kg3 Bf5 27. Nf3 Bxd4 28. Nxd4 Rc3 29. Nxf5 gxf5+ $11 {[%mdl 4096] Endgame KRR-KRR} 30. Kf4 Rxd3 31. Kxf5 Rxg2 32. Rac1 Rf3+ 33. Ke4 Rf7 34. Rhg1 Rxg1 35. Rxg1+ Kf8 36. Rc1 Rd7 37. Ke3 {Precision: White = 71%, Black = 93%.} 1/2-1/2

[Event "WYCC 2018 O16"]
[Site "Halkidiki"]
[Date "2018.10.30"]
[Round "11"]
[White "Lianes Garcia, Marcos"]
[Black "Stefan, Victor"]
[Result "1-0"]
[WhiteElo "2376"]
[BlackElo "1998"]
[Annotator "TA"]
[PlyCount "57"]
[EventDate "2018.10.20"]
[EventType "swiss"]
[EventCountry "GRE"]
[SourceTitle "playchess.com"]
[Source "ChessBase"]
[SourceQuality "1"]

{[%evp 20,57,-31,-35,-34,-52,0,0,0,0,35,36,52,44,47,40,45,47,48,49,85,80,84,74,83,33,28,26,245,236,254,249,514,520,714,666,717,695,639,532]} 1. e4 c6 2. d4 d5 3. Nc3 dxe4 4. Nxe4 Bf5 5. Ng3 Bg6 6. Bc4 e6 7. N1e2 Bd6 8. O-O Nd7 {B18: Classical Caro-Kann: 4...Bf5 sidelines} 9. f4 Ne7 10. Bd3 Qc7 11. c4 {LiveBook: 7 Games} Rd8 12. Be3 {[#] Threatens to win with c5.} c5 (12... Nf6 $15) 13. Bxg6 $146 ({Predecessor:} 13. Ne4 Bxe4 14. Bxe4 Nf6 15. Qa4+ Rd7 16. Bf3 Nf5 {½-½ (44) Miroshnichenko,E (2465)-Zelcic,R (2529) Bled 2000}) 13... hxg6 14. Nc3 cxd4 (14... Nf6 {with more complications.} 15. Nb5 Qa5 16. Qc2 cxd4 17. Bxd4 Nc6) 15. Nb5 $1 {[%cal Rb5c7]} Qb6 {[#] aiming for ...Bc5.} 16. Nxd6+ ({Not} 16. Bxd4 Bc5 $17) 16... Qxd6 17. Qxd4 Qxd4 18. Bxd4 Nb6 19. Bxg7 Rg8 20. Bc3 $36 {[%mdl 2048] White is on the roll.} Nxc4 21. Ne4 {And now Nf6+ would win.} Nd5 22. Nf6+ Nxf6 23. Bxf6 Rd5 $2 (23... Ra8 $11 {and Black stays safe.}) 24. Rac1 Nd6 {intending ...Kd7.} 25. Rc7 g5 $2 (25... Ne4) 26. fxg5 $18 {White is clearly winning.} Ra5 27. Rd1 Rd5 28. Rxd5 exd5 29. h4 {Precision: White = 78%, Black = 29%.} 1-0

[Event "WYCC 2018 O16"]
[Site "Halkidiki"]
[Date "2018.10.30"]
[Round "11"]
[White "Davtyan, Artur"]
[Black "Kaasen, Tor Fredrik"]
[Result "0-1"]
[WhiteElo "2374"]
[BlackElo "2388"]
[Annotator "TA"]
[PlyCount "56"]
[EventDate "2018.10.20"]
[EventType "swiss"]
[EventCountry "GRE"]
[SourceTitle "playchess.com"]
[Source "ChessBase"]
[SourceQuality "1"]

{[%evp 9,56,56,69,42,25,13,19,9,35,28,59,71,73,62,72,62,68,62,91,85,94,106,133,125,177,165,287,268,314,210,336,329,308,318,367,362,319,138,139,-25,-32,-48,-52,-63,-54,-300,-287,-470,-478]} 1. d4 g6 2. Nf3 Bg7 3. c4 e6 4. Nc3 Ne7 5. Bf4 O-O 6. e3 {A40: Unusual replies to 1 d4} (6. Qd2 d5 7. e3 a6 8. Rc1 dxc4 9. Bxc4 Nbc6 10. h4 h6 11. a3 b6 12. b4 {1-0 (37) Wang,H (2711)-Maghsoodloo,P (2636) Abu Dhabi 2018}) 6... d6 7. Be2 Nd7 8. h3 {The position is equal.} h6 $146 ({Predecessor:} 8... b6 9. O-O Bb7 10. Bh2 e5 11. dxe5 Nxe5 12. Rc1 {0-1 (37) Tomczak,M (2372)-Repka,C (2487) Krakow 2018}) 9. Bh2 g5 10. Qc2 f5 11. O-O-O $36 {[%mdl 2048] White has good play.} b6 12. h4 g4 13. Ne1 {[%cal Bf3e1,Be1d3,Bd3f4,Bf4e6][%mdl 32]} Bb7 14. f3 h5 15. Nd3 Ng6 16. fxg4 hxg4 (16... fxg4 $16 17. Nf4 Nxf4 18. Bxf4 Qc8) 17. h5 $18 Nh4 (17... Ne7 $142) 18. Bf1 $1 f4 19. Nxf4 {Threatens to win with Bg3.} Nf5 (19... Qg5 $142 20. h6 Bxh6) 20. Nxe6 Qe7 21. Nxf8 Qxe3+ 22. Kb1 Rxf8 {[#]} 23. h6 (23. c5 $1 $18 {is more deadly.}) 23... Qxh6 $16 {[#]} 24. Qd2 $2 (24. c5 $1 $16 d5 25. Bd3 Nxd4 {[#]} 26. Bh7+ $1 {[%mdl 512]} Qxh7 27. Qxh7+ Kxh7 28. Be5+ Kg6 29. Bxg7 (29. Bxd4 Nxc5 30. Bxg7 Kxg7 $16) 29... Kxg7 30. Rxd4) 24... Ne3 $11 25. Bg1 Qxh1 26. Qxe3 Nf6 $1 {Hoping for ...Re8.} 27. d5 $2 (27. Qe6+ $15 Kh8 28. Bd3 Bxg2 29. d5) 27... Re8 $19 28. Qf4 $2 (28. Qf2 {keeps fighting.} g3 29. Qxg3 Qxg1 30. Bd3) 28... Qxg1 {Precision: White = 50%, Black = 51%.} 0-1

[Event "WYCC 2018 O16"]
[Site "Halkidiki"]
[Date "2018.10.30"]
[Round "11"]
[White "Shubin, Kirill"]
[Black "Lou, Vincent"]
[Result "1-0"]
[WhiteElo "2369"]
[BlackElo "2155"]
[Annotator "TA"]
[PlyCount "79"]
[EventDate "2018.10.20"]
[EventType "swiss"]
[EventCountry "GRE"]
[SourceTitle "playchess.com"]
[Source "ChessBase"]
[SourceQuality "1"]

{[%evp 23,79,15,22,13,22,31,45,38,33,38,63,40,59,60,64,44,72,0,60,57,93,52,66,69,114,93,125,0,0,0,23,-10,0,0,60,79,114,96,275,266,385,400,746,735,726,731,737,734,741,745,1823,1809,2464,2354,29992,2699,29997,29998]} 1. e4 c5 2. Nf3 d6 3. d4 cxd4 4. Nxd4 Nf6 5. Nc3 a6 6. Be3 e5 7. Nb3 Be6 8. h3 {B90: Sicilian Najdorf: Unusual White 6th moves, 6 Be3 Ng4 and 6 Be3 e5} Be7 9. f4 exf4 10. Bxf4 Nc6 11. Qe2 Nd7 {[%cal Bf6d7,Bd7b6,Bb6c4][%mdl 32]} 12. O-O-O Nce5 {LiveBook: 75 Games} 13. Kb1 Rc8 14. Qe3 O-O 15. g4 {[#]} Qc7 $146 16. Nd4 Nb6 17. Qc1 Nbc4 18. Nd5 Bxd5 $1 19. exd5 b5 20. Bg2 (20. g5 $16) 20... b4 ({Better is} 20... Ng6 $11 21. Bg3 Bf6) 21. g5 $14 a5 22. Rhe1 Rfe8 23. Nc6 Bf8 24. Re4 Nb6 25. Nxe5 (25. Nxa5 $16 Qa7 26. Nc6 Nxc6 27. Rxe8 (27. dxc6 Ra8 $15) 27... Rxe8 28. dxc6) 25... dxe5 $11 26. Bg3 Bd6 27. h4 {[%cal Bh3h4,Bh4h5][%mdl 32]} a4 28. Bh3 Rb8 (28... a3 $11 29. b3 (29. Bxc8 axb2 30. Kxb2 Na4+ 31. Ka1 Nc3 $17) 29... Ra8) 29. h5 $14 b3 30. cxb3 {[%cal Bc2b3,Bb3b4][%mdl 32] Black must now prevent Qxc7.} Qa7 $2 (30... Qxc1+ $16 31. Kxc1 axb3 32. axb3 g6) 31. b4 $18 Re7 (31... Qb7 $142 32. g6 Kh8) 32. Qc6 Rd8 (32... Qc7 $142 33. g6 Kh8 34. Qxc7 Rxc7 35. Bxe5 Bxe5 36. Rxe5 fxg6) 33. Bf2 Rb7 {[#]} 34. g6 $1 {[%mdl 512]} fxg6 35. hxg6 h6 36. Bh4 Be7 37. Rxe5 Kh8 38. d6 a3 39. Bxe7 (39. dxe7 $142 Rxd1+ 40. Kc2 Qa4+ 41. Qxa4 Rc7+ 42. Kxd1 Rc1+ 43. Kxc1 axb2+ 44. Kb1 Nd7 45. Bxd7 Kg8 46. e8=Q#) 39... Ra8 {[#]} 40. Bd8 $1 {Precision: White = 66%, Black = 13%.} 1-0

[Event "WYCC 2018 O16"]
[Site "Halkidiki"]
[Date "2018.10.30"]
[Round "11"]
[White "Abdisalimov, Abdimalik"]
[Black "Stevanic, David"]
[Result "0-1"]
[WhiteElo "2368"]
[BlackElo "2281"]
[Annotator "TA"]
[PlyCount "120"]
[EventDate "2018.10.20"]
[EventType "swiss"]
[EventCountry "GRE"]
[SourceTitle "playchess.com"]
[Source "ChessBase"]
[SourceQuality "1"]

{[%evp 10,120,8,10,17,20,19,17,26,5,22,0,27,25,58,29,27,6,35,26,46,48,63,64,64,35,45,44,66,46,54,53,68,68,73,76,85,56,70,68,61,61,77,83,81,75,85,75,87,74,78,71,68,0,2,0,0,0,0,0,0,0,0,0,0,0,0,0,0,0,0,-10,-6,-17,-33,-54,-88,-108,0,0,0,-100,0,-77,-77,-362,-362,-354,-339,-643,-627,-615,-553,-1075,-1193,-1088,-996,-765,-657,-1216,-1275,-1337,-1659,-1667,-1360,-1437,-1246,-1721,-1157,-1748,-1636,-1516,-1283]} 1. c4 e5 2. d3 Nc6 (2... Bb4+ 3. Nd2 c6 4. Ngf3 d6 5. a3 Ba5 6. b4 Bc7 7. Bb2 Nf6 8. e3 O-O 9. Be2 Re8 10. Rc1 Nbd7 {½-½ (96) Artemiev,V (2706)-Morozevich,A (2656) Sochi 2018}) 3. a3 a5 4. g3 g6 5. Bg2 Bg7 6. Nc3 {LiveBook: 3 Games. A20: English Opening: 1...e5} Nge7 $146 ({Predecessor:} 6... d6 7. e3 h5 8. Nge2 h4 9. Qa4 Bd7 10. Nb5 hxg3 11. hxg3 Rxh1+ 12. Bxh1 {½-½ (33) Bieszk,S (850)-Lenz,J (947) LSS email 2014}) 7. e3 O-O 8. Nge2 {The position is equal.} d6 9. O-O Be6 10. Nd5 Qc8 11. Nec3 Bxd5 12. Nxd5 (12. cxd5 {seems wilder.} Nb8 13. e4 Qd8 14. Bg5 Nd7 15. Nb5) 12... Nxd5 13. Bxd5 Ne7 14. Bg2 a4 15. Bd2 c6 16. Qc2 Qd7 17. Rad1 f5 18. Rfe1 Kh8 19. Bc3 g5 20. Rd2 Ng6 21. Qd1 Qf7 22. Qh5 h6 23. Kh1 (23. Rb1 {keeps more tension.} Kh7 24. b3 axb3 25. Rxb3 Ra7 26. Rdb2) 23... Ne7 24. Qxf7 Rxf7 25. Bf3 g4 26. Bd1 h5 27. h3 d5 28. Kg2 e4 29. Bxg7+ Kxg7 30. cxd5 cxd5 31. d4 (31. dxe4 $14 gxh3+ 32. Kxh3 fxe4 33. Bxh5) 31... Rf6 $11 32. Rc2 Rc6 33. Ree2 Kf6 34. Rxc6+ bxc6 {[%mdl 4096] Endgame KRB-KRN} ({Of course not} 34... Nxc6 35. Rc2 $16) 35. Rc2 Rb8 36. hxg4 hxg4 37. Kf1 Ke6 38. Ke1 Kd6 39. Kd2 Nc8 40. Be2 Nb6 41. Kc1 Nd7 42. Bd1 c5 43. Rd2 Nb6 (43... cxd4 $17 44. Rxd4 Nc5) 44. dxc5+ Kxc5 45. Rd4 {[#]} (45. Be2 $11) 45... Nc4 ({Better is} 45... Rh8 $1 $17 {[%cal Rh8h1] ...Rh1 is the strong threat.} 46. b3 (46. Bxa4 Nxa4 47. Rxa4 Rh2 $17) 46... axb3 47. Bxb3 Nc4 48. Bxc4 dxc4) 46. Bxa4 (46. Be2 $11 {keeps the balance.}) 46... Nxb2 $17 47. Bc2 $2 {[%mdl 8192]} (47. Bd7 $17) 47... Nc4 $19 48. a4 Rh8 49. Bb3 $2 {[#]} (49. Kd1 Rh2 50. Ke1) 49... Rh2 {Black is clearly winning.} 50. Bxc4 dxc4 {KR-KR} 51. Kc2 Rxf2+ 52. Kc3 Re2 53. Rxc4+ Kd5 54. a5 Rxe3+ 55. Kb4 Rxg3 56. a6 Rh3 ({Don't go for} 56... Ra3 $2 57. Rc5+ Kd4 58. Rc4+ Kd3 59. Kxa3 $18) 57. Rc5+ Ke6 58. a7 Rh8 59. Kc4 Ra8 60. Rc7 Ke5 {Precision: White = 50%, Black = 65%.} 0-1

[Event "WYCC 2018 O16"]
[Site "Halkidiki"]
[Date "2018.10.30"]
[Round "11"]
[White "Kalavannan, Koby"]
[Black "Quirhuayo Chumbe, German Gonzalo"]
[Result "0-1"]
[WhiteElo "2365"]
[BlackElo "2220"]
[Annotator "TA"]
[PlyCount "94"]
[EventDate "2018.10.20"]
[EventType "swiss"]
[EventCountry "GRE"]
[SourceTitle "playchess.com"]
[Source "ChessBase"]
[SourceQuality "1"]

{[%evp 13,94,4,3,-16,-14,-28,-27,-63,-63,-64,-63,-56,-63,-65,-43,-143,-147,-179,-167,-188,-181,-188,-187,-187,-190,-181,-184,-185,-188,-233,-243,-204,-214,-260,-207,-208,-209,-314,-306,-296,-54,-76,-53,-47,-41,-139,-166,-138,-116,-200,-79,-70,-41,-41,-41,-41,-41,-41,-14,-16,-16,-18,-14,-14,-14,-41,-41,-107,-110,-29991,-29992,-29992,-29993,-29993,-29987,-29990,-29985,-29985,-29983,-29983,-29981,-29981,-29982]} 1. d4 Nf6 2. c4 g6 3. Nc3 Bg7 4. e4 O-O 5. Be2 d6 6. Be3 c5 7. e5 {E73: King's Indian: Averbakh Variation without 6...c5} (7. d5 e6 8. Nf3 exd5 9. cxd5 Re8 10. Nd2 c4 11. O-O Na6 12. Bf3 b6 13. Re1 Nc5 14. Bxc5 bxc5 15. e5 Rxe5 16. Rxe5 dxe5 17. Nxc4 {½-½ (23) Howell,D (2687)-Jones,G (2670) Hull 2018}) 7... Ne8 {[%cal Bf6e8,Be8d6,Bd6f5][%mdl 32] LiveBook: 14 Games} 8. exd6 Nxd6 9. dxc5 {The position is equal.} Nf5 10. Qxd8 Rxd8 11. Nd5 {Black should prevent Nc7.} Na6 12. O-O-O {Strongly threatening Nxe7+!} Be6 13. Bf3 Rac8 $146 ({Predecessor:} 13... Nxe3 14. fxe3 Bxd5 15. cxd5 Nxc5 {½-½ (24) Gyimesi,Z (2480)-Manhardt,T (2135) Medellin 1996}) 14. Bg5 (14. Ne2 $15) 14... Bxd5 $17 15. Bxd5 {[#]} h6 $1 {[%cal Rh6g5]} 16. g4 hxg5 17. gxf5 gxf5 18. Nf3 Nxc5 {...e6 is the strong threat.} 19. Nxg5 e6 20. Bf3 Nd3+ 21. Kb1 {intending Bh5.} Nxf2 22. Rxd8+ Rxd8 23. Rc1 b6 24. Bh5 Rd7 25. Rf1 (25. Rg1 $142) 25... Rd2 $19 26. Bxf7+ {[#]} Kf8 $2 (26... Kh8 $1 $19 27. Bxe6 Rxb2+ 28. Kc1 Nd3+ 29. Kd1 Bc3) 27. Kc1 Rxb2 28. Bxe6 f4 29. Ne4 (29. c5 $15) 29... Nd3+ $17 (29... Nxe4 30. Rxf4+ Ke7 31. Rxe4 $15) 30. Kd1 Bd4 {Hoping for ...Nf2+.} 31. c5 (31. Rf3 $17 {is a better defense.} Be3 32. Rh3) 31... bxc5 ({Weaker is} 31... Nxc5 32. Rxf4+ Ke8 33. Nxc5 $11) ({Don't play} 31... Rxh2 32. c6 $17) (31... Bxc5 32. Nxc5 bxc5 33. Rf3 $17) (31... Ke7 $19 32. Bf5 bxc5) 32. Bc4 Ne5 33. Rxf4+ Ke7 34. Bd5 Rxh2 35. Rf6 Ng4 36. Rf7+ Kd8 37. Be6 {Threatens to win with Rd7+.} Ne5 38. Rxa7 c4 39. Rb7 c3 {( -> ...c2+)} 40. Bb3 (40. Rb3 $1 $15) 40... Ng4 41. Nxc3 $2 {[%mdl 8192]} (41. Ke1 $17) 41... Ne3+ {Black mates.} 42. Kc1 Bxc3 43. Bd5 Nxd5 44. a4 Ne3 {[%cal Rh2h1]} 45. Kb1 Rh1+ 46. Ka2 Ra1+ 47. Kb3 Rb1+ {Precision: White = 40%, Black = 60%.} 0-1